000 00942 a2200277 4500
003 CBULib
005 20231208134300.0
008 231208b |||||||| |||| 00| 0 eng d
020 _a9780323567244
040 _bEnglish
_cCBULib
_erda
041 _aeng
050 _aRD 49 New
100 1 _aNewman, Mark
_91330
245 _aPerioperative medicine : managing for outcome
_c/ by Mark F. Newman; Lee A. Fleisher; Clifford Y. Ko; and Monty Mythen
250 _aSecond edition
260 _bElsevier,
_c2022
_aPhiladelphia :
300 _axv, 703 pages : colour illustrations
336 _2rdacontent
_aText |
_btxt
337 _2rdamedia
_aUnmediated |
_bn
338 _2rdacarrier
_aVolume
_bnc
504 _aIncludes an index
650 0 _91331
_aINTRAOPERATIVE COMPLICATIONS PREVENTION AND CONTROL
650 0 _91333
_aMULTIPLE ORGAN FAILURE PREVENTION AND CONTROL
650 0 _91334
_aPERIOPERATIVE CARE METHODS
942 _2lcc
_c002
999 _c83585
_d83585